00430nam a2200133 a 450000100100000000500170001000800410002704000250006808200160009310000430010924500650015226000520021730000270026900003662420200930075833.0120123s1931 dr a 000 0 spa d aDO-SdBNPbspacBNPHU axxxxbP434r1 aPereda Valdés, Ildefonso,d1899-199610aRomancero de Simón Bolívar /cIldefonso Pereda Valdés. aMontevideo, Uruguay :bGaceta comercial,c1931. a53 p. :bil. ;c21 cm.